UM Logo

Cases of minors in need of special program / (Record no. 11563)

MARC details
000 -LEADER
fixed length control field 00674nam a22001697a 4500
008 - FIXED-LENGTH DATA ELEMENTS--GENERAL INFORMATION
fixed length control field 181212b ||||| |||| 00| 0 eng d
082 ## - DEWEY DECIMAL CLASSIFICATION NUMBER
Edition number 2018
Classification number UT 1091
Item number B29
100 ## - MAIN ENTRY--PERSONAL NAME
Personal name Basher, Princess Hazel U.
9 (RLIN) 33150
245 ## - TITLE STATEMENT
Title Cases of minors in need of special program /
Statement of responsibility, etc. Princess Hazel U. Basher, Angel Grace C. Cabonegro, and Blesyl Rose R. Lescano
260 ## - PUBLICATION, DISTRIBUTION, ETC. (IMPRINT)
Place of publication, distribution, etc. Digos City:
Name of publisher, distributor, etc. UMDC
Date of publication, distribution, etc. November 2018.
300 ## - PHYSICAL DESCRIPTION
Extent 55 pages ;
Dimensions 29 cm.
650 ## - SUBJECT ADDED ENTRY--TOPICAL TERM
Topical term or geographic name as entry element Criminal Justice Education
Form subdivision Criminology
General subdivision Undergraduate Thesis.
9 (RLIN) 33107
700 ## - ADDED ENTRY--PERSONAL NAME
Personal name Basher, Princess Hazel U.
9 (RLIN) 33150
700 ## - ADDED ENTRY--PERSONAL NAME
Personal name Cabonegro, Angel Grace C.
9 (RLIN) 33151
700 ## - ADDED ENTRY--PERSONAL NAME
Personal name Lescano, Blesyl Rose R.
9 (RLIN) 33152
942 ## - ADDED ENTRY ELEMENTS (KOHA)
Source of classification or shelving scheme Dewey Decimal Classification
Koha item type Undergraduate Thesis
Holdings
Withdrawn status Lost status Source of classification or shelving scheme Damaged status Not for loan Home library Current library Date acquired Total Checkouts Full call number Barcode Date last seen Price effective from Koha item type
    Dewey Decimal Classification     UM Digos College - LIC UM Digos College - LIC 12/06/2018   UT 1091 B29 2018 1091 05/15/2025 12/12/2018 Undergraduate Thesis